Score 0/31 Timer 03:00
7 Plays Today
% Correct
WITH
98%
CORK
90.5%
SITH
88.8%
DORK
87.3%
DICE
87.2%
SIGH
86.8%
CORP.
84.9%
DONE
82.9%
DIRE
82.3%
DIRK
80.6%
DANE
79.6%
COUP
78.4%
WISH
78%
MORN
75.7%
DALE
75.4%
WISE
72.2%
% Correct
DICK
69.8%
HIGH
69%
WIRE
68.9%
DOLE
66.7%
MORE
66.6%
NOON
65.3%
MIRE
64.5%
SOUP
58.8%
NORN
55.2%
DUCK
54.8%
KANE
53.6%
DONG
51.9%
KING
47.8%
KONG
47.4%
KANG
44.8%

Today's Daily Dose

Missing Word
I Hardly Know Her!

Word Ladder
Sentence Ending

Quick Pick
Female Firsts

Get the Picture
Triathlon Sports

Remove Ads.
Support Sporcle.
Get the best of Sporcle when you Go Orange. This ad-free experience offers more features, more stats, and more fun while also helping to support Sporcle. Thank you for becoming a member.

You're not logged in!

Compare scores with friends on all Sporcle quizzes.
OR
Log In

Show Comments

Extras

Top Quizzes Today


Score Distribution

Your Account Isn't Verified!

In order to create a playlist on Sporcle, you need to verify the email address you used during registration. Go to your Sporcle Settings to finish the process.

Report this User

Report this user for behavior that violates our Community Guidelines.

Details: